| 000 | 00740nam a2200253Ia 4500 | ||
|---|---|---|---|
| 003 | OSt | ||
| 005 | 20221007075244.0 | ||
| 006 | a|||||r|||| 00| 0 | ||
| 007 | ta | ||
| 008 | 221006b |||||||| |||| 00| 0 eng d | ||
| 024 | _a32,280 | ||
| 037 | _cReference Collections | ||
| 040 |
_aFLL _cFLL _beng |
||
| 041 |
_2eng _aeng |
||
| 082 | _aV2:91:9Z, P8.2 | ||
| 110 |
_aDCI _9693733 |
||
| 111 |
_aVol.II _9693734 |
||
| 245 | 0 |
_aChanging face of electoral India _b delimitation 2008 (gifted by central library) |
|
| 260 |
_aNew Delhi _bDelimitation Commission of India India _c2008 |
||
| 300 |
_a1867p _ccm. |
||
| 700 |
_aDCI _9693735 |
||
| 942 |
_hV2:91:9Z, P8.2 _cREF _2CC |
||
| 999 |
_c1155350 _d1155350 |
||